FC Schalke 04 Squad 2017-2018 - Statistics

General Stats
  • This quiz has been taken 19 times
  • The average score is 19 of 28
Answer Stats
# Position Nation Player % Correct
1 GK Germany Ralf Fährmann
100%
2 MF United States Weston McKennie
100%
9 FW Argentina Franco Di Santo
95%
5 DF Serbia Matija Nastasić
89%
10 MF Algeria Nabil Bentaleb
89%
11 FW Ukraine Yevhen Konoplyanka
89%
35 GK Germany Alexander Nübel
84%
25 MF Morocco Amine Harit
84%
17 DF France Benjamin Stambouli
84%
19 FW Austria Guido Burgstaller
84%
29 DF Brazil Naldo
84%
18 MF Italy Daniel Caligiuri
79%
- Coach Germany Domenico Tedesco
79%
8 MF Germany Leon Goretzka
79%
28 MF Austria Alessandro Schöpf
74%
36 FW Switzerland Breel Embolo
74%
7 MF Germany Max Meyer
74%
23 DF Spain Coke
68%
34 GK Austria Michael Langer
68%
14 DF Ghana Abdul Rahman Baba
63%
20 DF Germany Thilo Kehrer
63%
24 DF Germany Bastian Oczipka
53%
3 DF Spain Pablo Insua
47%
32 FW Ghana Bernard Tekpetey
37%
22 FW Croatia Marko Pjaca
37%
23 FW Germany Cedric Teuchert
21%
16 FW Germany Fabian Reese
21%
21 DF Germany Sascha Riether
11%
No matching quizzes found
Score Distribution
Percent of People with Each Score
Percentile by Number Answered
Your Score History
You have not taken this quiz